000 01093nam2a22002291 4500
001 RU\NLR\A1SV\103459
005 20251203152403.2
035 _a(NLR Aleph) 009784812
090 _a13486169
_c13486169
100 _a20100513d1928 u y0rusy50 ca
101 0 _arus
200 1 _aФинансовая отчетность
210 _d1928
215 _a35,[2] с., 95 л. бланк.
327 0 _aИнструкция к заполнению бланков финансового учета и отчетности (С.1-35)
461 1 _1001RU\NLR\A1SV\103457
_12000#$aПоложение об отчетности на путях сообщения$fНКПС. Центр. отд. статистики и картографии$vЧ.6
_910110820
_cМ.
_d1924-1928
_e3-е изд.
_fНКПС. Центр. отд. статистики и картографии
_nТранспечать
_tПоложение об отчетности на путях сообщения
_vЧ.6
801 0 _aRU
_bNLR
_c20100513
852 _aNLR
_j35.48.6.355
942 _cBOOK
980 _aA1SV
980 _aNB